NLSUI OPAC header image

A compendium of issues on income tax and wealth tax : A complete guide to frequently asked questions Vol. II (Record no. 39889)

MARC details
000 -LEADER
fixed length control field 01714nam a2200229Ia 4500
003 - CONTROL NUMBER IDENTIFIER
control field OSt
005 - DATE AND TIME OF LATEST TRANSACTION
control field 20201015215946.0
008 - FIXED-LENGTH DATA ELEMENTS--GENERAL INFORMATION
fixed length control field 160316s2015 xxu||||| |||| 00| 0 eng d
020 ## - INTERNATIONAL STANDARD BOOK NUMBER
International Standard Book Number 9789351294832
040 ## - CATALOGING SOURCE
Transcribing agency nls
082 ## - DEWEY DECIMAL CLASSIFICATION NUMBER
Classification number 343.052000
Item number AHU-II
100 ## - MAIN ENTRY--PERSONAL NAME
Personal name Ahuja Girish
245 ## - TITLE STATEMENT
Title A compendium of issues on income tax and wealth tax : A complete guide to frequently asked questions Vol. II
250 ## - EDITION STATEMENT
Edition statement 7th
260 ## - PUBLICATION, DISTRIBUTION, ETC.
Place of publication, distribution, etc. New Delhi
Name of publisher, distributor, etc. C C H
Date of publication, distribution, etc. 2015
300 ## - PHYSICAL DESCRIPTION
Extent 2873p
Dimensions vii
365 ## - TRADE PRICE
Price amount Rs. 3,295 Set
505 ## - FORMATTED CONTENTS NOTE
Formatted contents note Description<br/>About the Book The book contains discussion over Technical and Practical Issues of Direct Tax in Question and Answer pattern. It contains approximately 3000 frequently asked questions with precise and comprehensive answers covering latest judicial decisions and amendments brought in by Finance Act, 2015. Key Features: Covers approximately 3000 questions Provides updated answers vide latest judicial decisions and the Amendments in Income Tax Act and Rules. About the Author Dr. Girish Ahuja He is an eminent speaker, a visiting faculty member of ICAI, ICSI, ICWAI and various Management Institutes. He has been a member of the Editorial Advisory Board of the ICSI. He is a member of the Direct Tax Committee and International Tax Committee of the ICAI and a member of the Expert Advisory Board of ICSI. Dr. Ravi Gupta He is an eminent speaker, too, is a senior consultant to various companies, Non-profit making Organisations and have vast practical experience in handling tax matters of trade and Industry. They together have authored more than twenty books on Direct Taxes.
650 ## - SUBJECT ADDED ENTRY--TOPICAL TERM
Topical term or geographic name entry element 1. Income Tax - Wealth Tax
700 ## - ADDED ENTRY--PERSONAL NAME
Personal name Gupta Ravi
--
942 ## - ADDED ENTRY ELEMENTS (KOHA)
Source of classification or shelving scheme Dewey Decimal Classification
Koha item type BOOKs
Holdings
Withdrawn status Lost status Damaged status Not for loan Home library Current library Shelving location Date acquired Cost, normal purchase price Total Checkouts Total Renewals Full call number Barcode Date last seen Date last checked out Price effective from Koha item type Public note
        . .   30.05.2017 3295.00 1 4 343.052 AHU-II 33215 21.02.2025 01.06.2022 30.05.2017 BOOKs Price for the entire Set of Volumes